The Weeknd: Kiss Land Trivia - Statistics

General Stats
  • This quiz has been taken 55 times
  • The average score is 9 of 10
Answer Stats
Hint Answer % Correct
Most streamed song on album Kiss Land
100%
Song featuring Kavinsky Odd Look
93%
First song on album Professional
93%
Song featuring Drake Live For
91%
Number of tracks on base album Ten
91%
"You can meet me in the room where the ___ ain't free." Kisses
89%
Final song on base album Tears in the Rain
86%
5th song on album (my personal favorite song) Belong to the World
84%
"I haven't been around my ___ in a long while." Town
73%
"And I'm always getting high, cuz my ___ low." Confidence
57%
No matching quizzes found
Score Distribution
Percent of People with Each Score
Percentile by Number Answered
Your Score History
You have not taken this quiz